000 00893nam a22002897a 4500
003 CHAP
005 20220329140315.0
008 971013s1959 r 00010 d
010 _a50111
011 _a51083
035 _a55233
040 _cCHAP
082 _a580.018
_bP5
100 0 0 _aPhillips, Edwin Allen.
_987813
245 _aMethods of vegetation study
260 _aNew York :
_bHolt, Rinehart and Winston,
_c1959
300 _a107 p.
_b: ilus.
590 _aBATCH-UPD
_b10
_c20130110
_lUCH01
_h0440
590 _aBATCH-UPD
_b10
_c20130410
_lUCH01
_h0116
590 _aBATCH-UPD
_b10
_c20130410
_lUCH01
_h1530
590 _aBATCH-UPD
_b10
_c20130914
_lUCH01
_h0733
590 _aCONVERSION
_b10
_c20130109
_lUCH01
_h1327
650 1 4 _aBotánica
_xMetodologĂ­a.
_914588
901 _aBK
942 _cLIBRO
949 _a580.018 P5
_bBC
_cLIBRO
_d33724000518924
_eLIBRO
_h31077
_i55233
_si
_t69.00
999 _c50111
_d50111